[Event "World Rapid Championship (Women)"]
[Site "Riyadh KSA"]
[Date "2017.12.27"]
[EventDate "2017.12.26"]
[Round "8.12"]
[Result "1/2-1/2"]
[White "Olga Zimina"]
[Black "Marie Sebag"]
[WhiteElo "2376"]
[BlackElo "2445"]
[PlyCount "145"]

1. Nf3 d5 2. c4 c6 3. e3 Nf6 4. Nc3 e6 5. b3 Bd6 6. Bb2 O-O
7. d4 Nbd7 8. Bd3 e5 9. cxd5 cxd5 10. dxe5 Nxe5 11. h3 Qe7
12. O-O a6 13. Rc1 Be6 14. Nd4 Nxd3 15. Qxd3 Rad8 16. Nf5 Bxf5
17. Qxf5 Be5 18. Rfd1 Rfe8 19. Na4 Bxb2 20. Nxb2 Qa3 21. Qc2
h6 22. Na4 b5 23. Qb2 Qxb2 24. Nxb2 d4 25. Rc6 dxe3 26. fxe3
Rc8 27. Rxa6 Rxe3 28. Rad6 Re2 29. Rd8+ Rxd8 30. Rxd8+ Kh7
31. Nd1 Rxa2 32. Nc3 Ra1+ 33. Kh2 b4 34. Nd5 Nxd5 35. Rxd5 Rb1
36. Rd3 f5 37. h4 Kg6 38. Rf3 Rb2 39. Kh3 Rc2 40. h5+ Kf6
41. Rf4 Rc3+ 42. Kh4 Rxb3 43. g4 Rb1 44. Rxf5+ Ke6 45. Rb5 b3
46. Kg3 Kf6 47. Kg2 Ke6 48. Rb7 Ke5 49. Rxg7 b2 50. Rb7 Kf4
51. Rb4+ Kg5 52. Kh2 Kh4 53. Kg2 Kg5 54. Kh2 Rc1 55. Rxb2 Kxg4
56. Rb5 Rc2+ 57. Kg1 Kg3 58. Rb3+ Kg4 59. Rb5 Rd2 60. Ra5 Re2
61. Rb5 Rc2 62. Ra5 Kg3 63. Ra3+ Kf4 64. Ra4+ Kg5 65. Ra5+ Kh4
66. Kh1 Rf2 67. Kg1 Rd2 68. Rb5 Kg3 69. Rb3+ Kf4 70. Rb5 Re2
71. Rb6 Kg5 72. Rb5+ Kg4 73. Ra5 1/2-1/2

[Event "World Rapid Championship (Women)"]
[Site "Riyadh KSA"]
[Date "2017.12.27"]
[EventDate "2017.12.26"]
[Round "9.9"]
[Result "1-0"]
[White "Marie Sebag"]
[Black "Evgeniya Doluhanova"]
[WhiteElo "2492"]
[BlackElo "2352"]
[PlyCount "65"]

1. e4 c5 2. Nf3 Nc6 3. Bb5 g6 4. Bxc6 dxc6 5. d3 Bg7 6. h3 Nf6
7. Nc3 O-O 8. Be3 b6 9. Qd2 Re8 10. Bh6 Bh8 11. a3 a5 12. O-O
b5 13. e5 Nd7 14. Qf4 f6 15. exf6 exf6 16. Ne4 Ne5 17. Nxe5
Rxe5 18. Qg3 Be6 19. Bf4 Rd5 20. Rfe1 Qd7 21. Qe3 Bf7 22. Nxc5
Qa7 23. d4 Re8 24. Qxe8+ Bxe8 25. Rxe8+ Kg7 26. Rae1 g5
27. R8e7+ Qxe7 28. Rxe7+ Kf8 29. Rxh7 Kg8 30. Rd7 gxf4
31. Rxd5 cxd5 32. Ne6 f5 33. c3 1-0

[Event "World Rapid Championship (Women)"]
[Site "Riyadh KSA"]
[Date "2017.12.27"]
[EventDate "2017.12.26"]
[Round "10.6"]
[Result "1/2-1/2"]
[White "Zhansaya Abdumalik"]
[Black "Marie Sebag"]
[WhiteElo "2439"]
[BlackElo "2445"]
[PlyCount "84"]

1. e4 c5 2. Nf3 d6 3. d4 cxd4 4. Nxd4 Nf6 5. Nc3 a6 6. h3 e6
7. g4 Be7 8. Bg2 Nfd7 9. Be3 Nc6 10. h4 Qc7 11. g5 Nce5 12. f4
Nc4 13. Bc1 b5 14. Nce2 Bb7 15. b3 Ncb6 16. O-O Nc5 17. Ng3 h6
18. Qh5 g6 19. Qg4 hxg5 20. hxg5 O-O-O 21. Be3 Kb8 22. a4 bxa4
23. b4 Ncd7 24. b5 e5 25. Nc6+ Bxc6 26. bxc6 Qxc6 27. Qe2 exf4
28. Rxf4 Bxg5 29. Rxf7 Bxe3+ 30. Qxe3 Rhf8 31. Rg7 Rg8 32. e5
Qc5 33. Qxc5 Nxc5 34. Rxg8 Rxg8 35. exd6 Rd8 36. Rd1 a3
37. Ra1 Nc4 38. Bf1 Nxd6 39. Rxa3 Kc7 40. Bxa6 Ra8 41. Rc3
Rxa6 42. Rxc5+ Rc6 1/2-1/2

[Event "World Rapid Championship (Women)"]
[Site "Riyadh KSA"]
[Date "2017.12.28"]
[EventDate "2017.12.26"]
[Round "11.7"]
[Result "1-0"]
[White "Marie Sebag"]
[Black "Ulviyya Hasil Fataliyeva"]
[WhiteElo "2492"]
[BlackElo "2384"]
[PlyCount "183"]

1. e4 e6 2. d4 d5 3. Nd2 c5 4. exd5 exd5 5. Ngf3 a6 6. dxc5
Bxc5 7. Nb3 Bb6 8. Qe2+ Be6 9. Nfd4 Qe7 10. Be3 Nf6 11. Nxe6
fxe6 12. Bxb6 Qb4+ 13. c3 Qxb6 14. g3 O-O 15. Bg2 e5 16. O-O
Nc6 17. c4 dxc4 18. Qxc4+ Kh8 19. Qc5 Qb5 20. Rac1 e4 21. Qxb5
axb5 22. a3 b4 23. axb4 Nxb4 24. Nc5 Ra2 25. Rb1 Re8 26. Rfe1
Nc2 27. Rec1 Nd4 28. Rd1 Nc6 29. Nxb7 h6 30. Nd6 Re6 31. Nf7+
Kg8 32. Nd8 Nxd8 33. Rxd8+ Kf7 34. Rd2 Rb6 35. h3 Rb4 36. Re2
Kf8 37. Kf1 Rb3 38. Bxe4 Nxe4 39. Rxe4 Rbxb2 40. Rf4+ Kg8
41. Re1 Ra7 42. Re8+ Kh7 43. h4 Rab7 44. Rff8 Kg6 45. Re6+ Kh7
46. h5 Rb8 47. Rxb8 Rxb8 48. g4 Rb4 49. f3 Rb2 50. Re2 Rb3
51. Kf2 Kg8 52. Re7 Kf8 53. Rd7 Ra3 54. Kg3 Ra4 55. Rc7 Rb4
56. Kf2 Rb3 57. Ke2 Ra3 58. Rd7 Rb3 59. Rd3 Rb4 60. Ke3 Ke7
61. Rd4 Rb3+ 62. Ke4 Ke6 63. Ra4 Rb1 64. Ra6+ Kf7 65. Rd6 Rb4+
66. Ke5 Rb3 67. Rd7+ Kf8 68. f4 Re3+ 69. Kf5 Rf3 70. Ke6 Re3+
71. Kf5 Rf3 72. Ra7 Rf1 73. Rb7 Rf3 74. Ra7 Rf1 75. Kg6 Rxf4
76. Ra8+ Ke7 77. Kxg7 Rxg4+ 78. Kxh6 Kf7 79. Kh7 Rg7+ 80. Kh8
Rg5 81. Ra7+ Kf8 82. h6 Rg6 83. Kh7 Rg1 84. Ra2 Rg3 85. Rf2+
Ke8 86. Rf6 Rg1 87. Rg6 Ra1 88. Kg8 Rf1 89. h7 Rf8+ 90. Kg7
Rf7+ 91. Kh6 Rf8 92. Rg8 1-0

[Event "World Rapid Championship (Women)"]
[Site "Riyadh KSA"]
[Date "2017.12.28"]
[EventDate "2017.12.26"]
[Round "12.5"]
[Result "1-0"]
[White "Elina Danielian"]
[Black "Marie Sebag"]
[WhiteElo "2413"]
[BlackElo "2492"]
[PlyCount "157"]

1. Nf3 d5 2. e3 Nf6 3. c4 c6 4. b3 e6 5. Bb2 Bd6 6. Nc3 O-O
7. Qc2 e5 8. cxd5 cxd5 9. Nb5 Nc6 10. Nxd6 Qxd6 11. Rc1 Bd7
12. Be2 Rac8 13. Qb1 Rfe8 14. h3 a6 15. O-O h6 16. d4 e4
17. Ne5 Bf5 18. Nxc6 Rxc6 19. Rxc6 Qxc6 20. Rc1 Qd6 21. Qc2
Rc8 22. Qd2 Rc6 23. Rxc6 Qxc6 24. Ba3 Bd7 25. Bd1 Qc7 26. Qb4
Bb5 27. Qf8+ Kh7 28. Bc5 b6 29. Qd6 Qxd6 30. Bxd6 Bd3 31. a4
Kg6 32. b4 b5 33. a5 Kf5 34. Be5 Ke6 35. f3 Ne8 36. fxe4 Bxe4
37. Bg4+ f5 38. Be2 Kd7 39. g4 g6 40. Kf2 Nd6 41. Bg7 Nf7
42. Kg3 g5 43. Bf8 Bc2 44. Bf3 Kc6 45. gxf5 Bxf5 46. Bh5 Nd6
47. Bxh6 Ne4+ 48. Kh2 Bd7 49. Bg6 Kd6 50. Bxe4 dxe4 51. Bxg5
Ke6 52. Kg3 Kf5 53. Bf4 Be6 54. Bc7 Bf7 55. h4 Bd5 56. h5 Kg5
57. h6 Kxh6 58. Kf4 Kg6 59. Ke5 Bb7 60. Ke6 Bc8+ 61. Ke5 Bb7
62. d5 Kf7 63. Kxe4 Ke7 64. Kd4 Kd7 65. Bg3 Ke7 66. e4 Bc8
67. Kc5 Kd7 68. Kb6 Ke7 69. Kc7 Bg4 70. e5 Ke8 71. Bh4 Bf3
72. d6 Bg4 73. Kb7 Kd7 74. Kxa6 Kc6 75. Ka7 Bc8 76. Kb8 Ba6
77. Bg3 Kd7 78. Ka7 Bc8 79. Kb6 1-0

[Event "World Rapid Championship (Women)"]
[Site "Riyadh KSA"]
[Date "2017.12.28"]
[EventDate "2017.12.26"]
[Round "13.6"]
[Result "0-1"]
[White "Marie Sebag"]
[Black "Elisabeth Paehtz"]
[WhiteElo "2492"]
[BlackElo "2464"]
[PlyCount "112"]

1. e4 e5 2. Nf3 Nc6 3. Bb5 a6 4. Ba4 Nf6 5. O-O Be7 6. Re1 b5
7. Bb3 O-O 8. c3 d6 9. h3 Nb8 10. d4 Nbd7 11. Nbd2 c5 12. Nf1
Re8 13. Ng3 Bf8 14. a4 c4 15. Bc2 Rb8 16. d5 Nc5 17. Be3 Qc7
18. Qd2 g6 19. Nh2 Bd7 20. axb5 Rxb5 21. Ra2 Reb8 22. Rb1 a5
23. Qe2 R5b7 24. f4 exf4 25. Bxf4 Bg7 26. Qf2 Re8 27. Re1 Nd3
28. Bxd3 cxd3 29. Nf3 a4 30. Nd4 h5 31. Qf3 Nxd5 32. Bd2 Nb4
33. Rf1 Rf8 34. cxb4 Bxd4+ 35. Kh1 Qc2 36. Bh6 Be6 37. Nxh5
gxh5 38. Bxf8 Kxf8 39. e5 Bxe5 40. Raa1 Rc7 41. b5 Qe2
42. Qa8+ Rc8 43. Qb7 d2 44. b6 Re8 45. Qc6 d5 46. b7 Qe3
47. Rf3 Qe1+ 48. Rf1 Qg3 49. Qc5+ Kg8 50. Qg1 d4 51. Rf3 Qg6
52. Qf2 Bd5 53. Rfa3 Qg5 54. Rd1 Bxb7 55. Rxd2 Bf4 56. Rxd4
Re1+ 0-1

[Event "World Rapid Championship (Women)"]
[Site "Riyadh KSA"]
[Date "2017.12.28"]
[EventDate "2017.12.26"]
[Round "14.15"]
[Result "1/2-1/2"]
[White "Lela Javakhishvili"]
[Black "Marie Sebag"]
[WhiteElo "2388"]
[BlackElo "2445"]
[PlyCount "80"]

1. c4 c6 2. Nf3 d5 3. e3 Nf6 4. Nc3 e6 5. Qc2 Bd6 6. b3 O-O
7. Bb2 e5 8. cxd5 cxd5 9. Nb5 Nc6 10. Nxd6 Qxd6 11. Rc1 Bd7
12. d4 e4 13. Ne5 Rac8 14. Nxd7 Nxd7 15. Be2 f5 16. Qd2 Nf6
17. h3 g5 18. Rc5 Kg7 19. Ba3 Rf7 20. b4 a6 21. b5 axb5
22. Bxb5 Ra8 23. Qc1 f4 24. h4 fxe3 25. Qxe3 Qf4 26. Bc1 Rxa2
27. hxg5 Qxe3+ 28. Bxe3 Ng4 29. O-O Ne7 30. Bd7 Nxe3 31. fxe3
Rxf1+ 32. Kxf1 Rb2 33. Be6 Kg6 34. Bxd5 Nxd5 35. Rxd5 b5
36. Kg1 b4 37. Rb5 Re2 38. Rxb4 Rxe3 39. d5 Rd3 40. Rxe4 Rxd5
1/2-1/2

[Event "World Rapid Championship (Women)"]
[Site "Riyadh KSA"]
[Date "2017.12.28"]
[EventDate "2017.12.26"]
[Round "15.17"]
[Result "1-0"]
[White "Marie Sebag"]
[Black "Eesha Karavade"]
[WhiteElo "2492"]
[BlackElo "2384"]
[PlyCount "75"]

1. e4 c5 2. Nf3 d6 3. Bb5+ Nc6 4. O-O Bd7 5. Re1 a6 6. Bxc6
Bxc6 7. d4 cxd4 8. Nxd4 Bd7 9. c4 g6 10. Nc3 Bg7 11. Be3 Nf6
12. f3 O-O 13. Qd2 Rc8 14. b3 Qc7 15. Rac1 Rfe8 16. a4 Qa5
17. Red1 h5 18. Nde2 Bc6 19. Rb1 Bd7 20. c5 Be6 21. b4 Qc7
22. cxd6 exd6 23. Qxd6 Qxd6 24. Rxd6 Red8 25. Rxd8+ Rxd8
26. Kf2 Rc8 27. Bd4 Rc4 28. Ke3 Ng4+ 29. fxg4 Bxd4+ 30. Nxd4
Rxc3+ 31. Kd2 Rc4 32. Nxe6 fxe6 33. Kd3 b5 34. g5 e5 35. a5
Kg7 36. h4 Kh7 37. Rf1 Rxb4 38. Rf7+ 1-0

[Event "World Blitz Championship (Women)"]
[Site "Riyadh KSA"]
[Date "2017.12.29"]
[EventDate "2017.12.29"]
[Round "1.8"]
[Result "1/2-1/2"]
[White "Marie Sebag"]
[Black "Alina Bivol"]
[WhiteElo "2492"]
[BlackElo "2356"]
[PlyCount "101"]

1. e4 e6 2. d4 d5 3. Nd2 a6 4. Ngf3 c5 5. exd5 exd5 6. dxc5
Bxc5 7. Nb3 Ba7 8. Qe2+ Ne7 9. Be3 Bxe3 10. Qxe3 O-O 11. Be2
Re8 12. O-O Ng6 13. Qd2 Nc6 14. Bd3 Bg4 15. Nfd4 Nxd4 16. Nxd4
Qf6 17. Bxg6 Qxg6 18. f3 Bd7 19. Rfe1 h6 20. c3 b5 21. Nb3 Be6
22. Nd4 Bd7 23. a3 a5 24. Nb3 Be6 25. Re3 b4 26. axb4 axb4
27. Rxa8 Rxa8 28. cxb4 Ra2 29. Re1 Qf6 30. Nd4 Ra8 31. b5 Rb8
32. Qe3 Re8 33. Qd2 Qd8 34. Qf2 Qa5 35. h3 Qb4 36. f4 Rc8
37. f5 Bd7 38. f6 Rc4 39. Rd1 Bxb5 40. Nf5 Rf4 41. Qg3 g6
42. Ne7+ Kh7 43. Nxd5 Qc5+ 44. Kh2 Rd4 45. Rxd4 Qxd4 46. Qd6
Bc4 47. Qf8 Qe5+ 48. Kg1 Qe1+ 49. Kh2 Qe5+ 50. Kg1 Qe1+
51. Kh2 1/2-1/2

[Event "World Blitz Championship (Women)"]
[Site "Riyadh KSA"]
[Date "2017.12.29"]
[EventDate "2017.12.29"]
[Round "2.23"]
[Result "0-1"]
[White "Anna Zozulia"]
[Black "Marie Sebag"]
[WhiteElo "2316"]
[BlackElo "2492"]
[PlyCount "70"]

1. e4 c5 2. Nf3 d6 3. d4 cxd4 4. Nxd4 Nf6 5. Nc3 a6 6. Be2 e5
7. Nb3 Be7 8. O-O Be6 9. f4 exf4 10. Bxf4 Nc6 11. Kh1 O-O
12. Nd4 Nxd4 13. Qxd4 Ne8 14. Nd5 Bxd5 15. Qxd5 Qc7 16. c3 Bf6
17. Bc4 Be5 18. Bb3 Nf6 19. Qd3 Rae8 20. Bxe5 Rxe5 21. Rae1
Rfe8 22. h3 h6 23. a4 R8e7 24. Re3 d5 25. Rxf6 gxf6 26. Bxd5
Rg5 27. Rf3 Kg7 28. Qd4 Qe5 29. Qb6 f5 30. Re3 fxe4 31. c4 Qf4
32. Qd4+ Qe5 33. Qb6 Qf6 34. Qd8 Qf1+ 35. Kh2 Qxg2# 0-1

[Event "World Blitz Championship (Women)"]
[Site "Riyadh KSA"]
[Date "2017.12.29"]
[EventDate "2017.12.29"]
[Round "3.11"]
[Result "0-1"]
[White "Marie Sebag"]
[Black "Zhu Chen"]
[WhiteElo "2492"]
[BlackElo "2423"]
[PlyCount "148"]

1. e4 e5 2. Nf3 Nc6 3. Bb5 Nf6 4. d3 Bc5 5. Bxc6 dxc6 6. Nbd2
Nd7 7. Nb3 Bd6 8. Be3 c5 9. O-O O-O 10. c3 Re8 11. Re1 b6
12. Nbd2 Bb7 13. Nf1 Nf8 14. Ng3 g6 15. Qd2 Ne6 16. Rad1 a5
17. a3 Bc6 18. Bh6 f6 19. Be3 Ba4 20. Rc1 Qd7 21. d4 exd4
22. cxd4 cxd4 23. Nxd4 Nxd4 24. Qxd4 Be5 25. Qc4+ Kh8 26. b3
Bb5 27. Qc2 Bd3 28. Qd2 Bb5 29. Qxd7 Bxd7 30. f4 Bd6 31. Bd4
Bxf4 32. Bxf6+ Kg8 33. Rcd1 Be6 34. e5 b5 35. Ne4 Bg4 36. Rd5
c6 37. Rd6 Rac8 38. h3 Bf5 39. g4 Be6 40. Nc5 Bd5 41. Rd7 Bh6
42. Nb7 Re6 43. Nc5 Ree8 44. Nb7 Re6 45. Nxa5 Bf8 46. b4 Rce8
47. Nb7 Rxf6 48. exf6 Rxe1+ 49. Kf2 Re4 50. Kg3 Re3+ 51. Kf4
Re1 52. Nc5 h6 53. Nd3 Rf1+ 54. Ke5 g5 55. Nc5 Bxc5 56. bxc5
Kf8 57. Rh7 Re1+ 58. Kd4 Rf1 59. Ke5 Re1+ 60. Kd4 Re4+ 61. Kd3
Rf4 62. Rxh6 Kf7 63. Rh7+ Kxf6 64. Rh8 Rf3+ 65. Kd4 Rf4+
66. Kd3 Ra4 67. Rf8+ Kg7 68. Rf5 Kg6 69. Re5 Rxa3+ 70. Kd4
Ra4+ 71. Kd3 Ra3+ 72. Kd4 Rxh3 73. Re8 Rg3 74. Ke5 Re3+ 0-1

[Event "World Blitz Championship (Women)"]
[Site "Riyadh KSA"]
[Date "2017.12.29"]
[EventDate "2017.12.29"]
[Round "4.23"]
[Result "0-1"]
[White "Lilit Galojan"]
[Black "Marie Sebag"]
[WhiteElo "2300"]
[BlackElo "2492"]
[PlyCount "44"]

1. c4 c6 2. Nf3 d5 3. e3 Nf6 4. Nc3 e6 5. b3 Bd6 6. Bb2 O-O
7. Qc2 a6 8. Be2 e5 9. cxd5 cxd5 10. d4 e4 11. Ne5 Nbd7
12. Nxd7 Bxd7 13. a3 Rc8 14. h3 Qe7 15. b4 Be6 16. Qb3 Bb8
17. Na4 Ne8 18. Nc5 Nd6 19. Rc1 Qg5 20. g3 Qe7 21. h4 Nc4
22. Kf1 Nd2+ 0-1

[Event "World Blitz Championship (Women)"]
[Site "Riyadh KSA"]
[Date "2017.12.29"]
[EventDate "2017.12.29"]
[Round "5.14"]
[Result "1-0"]
[White "Marie Sebag"]
[Black "Ekaterina Polovnikova-Atalik"]
[WhiteElo "2492"]
[BlackElo "2451"]
[PlyCount "71"]

1. e4 c6 2. d4 d5 3. e5 Bf5 4. Nf3 e6 5. Be2 h6 6. O-O Nd7
7. Nbd2 Ne7 8. c3 Bh7 9. Re1 Ng6 10. Nf1 Be7 11. Ng3 O-O
12. Be3 Nh4 13. Nxh4 Bxh4 14. Bd3 Bxd3 15. Qxd3 Bxg3 16. hxg3
Qb6 17. b3 Qa6 18. Qd2 Rfc8 19. g4 c5 20. g5 hxg5 21. Bxg5 Qa5
22. Re3 cxd4 23. Qxd4 Qc5 24. Qh4 Qf8 25. Rh3 f6 26. exf6 Nxf6
27. Bxf6 Qxf6 28. Qh7+ Kf7 29. Rf3 Qxf3 30. gxf3 Rxc3 31. Re1
Rc6 32. Qh5+ Kg8 33. Kg2 Rf8 34. Rh1 Rf6 35. Qe8+ Rf8 36. Rh8+
1-0

[Event "World Blitz Championship (Women)"]
[Site "Riyadh KSA"]
[Date "2017.12.29"]
[EventDate "2017.12.29"]
[Round "6.11"]
[Result "1/2-1/2"]
[White "Nino Batsiashvili"]
[Black "Marie Sebag"]
[WhiteElo "2502"]
[BlackElo "2492"]
[PlyCount "91"]

1. d4 d5 2. Bf4 Nf6 3. e3 e6 4. Nd2 c5 5. c3 Nc6 6. Ngf3 Bd6
7. Bg3 O-O 8. Bd3 Qe7 9. Ne5 Nd7 10. f4 f6 11. Nef3 e5
12. dxc5 Bxc5 13. Be2 Bxe3 14. fxe5 fxe5 15. Nf1 d4 16. Nxe3
dxe3 17. O-O Nf6 18. Bc4+ Be6 19. Qe2 Bxc4 20. Qxc4+ Kh8
21. Rae1 Nh5 22. Rxe3 Nxg3 23. hxg3 Rad8 24. Rfe1 Qf6 25. Qe2
Rde8 26. Nxe5 Nxe5 27. Rxe5 Rxe5 28. Qxe5 Qf2+ 29. Kh2 Qxb2
30. Qc5 Rg8 31. Re7 b6 32. Qc4 Qa3 33. Rd7 Qa5 34. a4 Qh5+
35. Qh4 Qc5 36. Qd4 Qh5+ 37. Kg1 Qg5 38. Kh2 Qh5+ 39. Qh4 Qc5
40. c4 a5 41. Rd8 h6 42. Rxg8+ Kxg8 43. Qe4 Qh5+ 44. Kg1 Qd1+
45. Kh2 Qh5+ 46. Kg1 1/2-1/2

[Event "World Blitz Championship (Women)"]
[Site "Riyadh KSA"]
[Date "2017.12.29"]
[EventDate "2017.12.29"]
[Round "7.8"]
[Result "1/2-1/2"]
[White "Marie Sebag"]
[Black "Lela Javakhishvili"]
[WhiteElo "2492"]
[BlackElo "2449"]
[PlyCount "60"]

1. e4 d6 2. d4 Nf6 3. Nc3 g6 4. h3 c6 5. Be3 Nbd7 6. Nf3 Bg7
7. Bd3 O-O 8. Qd2 b5 9. a4 b4 10. Ne2 a5 11. Ng3 c5 12. c3 Ba6
13. Bxa6 Rxa6 14. O-O Qa8 15. e5 Ne4 16. Nxe4 Qxe4 17. exd6
Rxd6 18. Rfe1 Qc6 19. Bf4 Re6 20. d5 Rxe1+ 21. Rxe1 Qxa4
22. Rxe7 bxc3 23. bxc3 Nf6 24. Be5 Ne4 25. Qf4 Nxc3 26. Qxa4
Nxa4 27. Bxg7 Kxg7 28. Ra7 Nb6 29. Rxa5 Nxd5 30. Rxc5 Nf6
1/2-1/2

[Event "World Blitz Championship (Women)"]
[Site "Riyadh KSA"]
[Date "2017.12.29"]
[EventDate "2017.12.29"]
[Round "8.10"]
[Result "1/2-1/2"]
[White "Nataliya Buksa"]
[Black "Marie Sebag"]
[WhiteElo "2385"]
[BlackElo "2492"]
[PlyCount "90"]

1. d4 d5 2. Nc3 Nf6 3. Bf4 c6 4. e3 Bf5 5. f3 e6 6. g4 Bg6
7. h4 h6 8. Bd3 Bxd3 9. Qxd3 Bd6 10. Nge2 Na6 11. O-O-O Qe7
12. g5 Nh5 13. Bxd6 Qxd6 14. g6 f5 15. a3 O-O-O 16. e4 Rhf8
17. e5 Qe7 18. Kb1 f4 19. Rdg1 Rf5 20. Rg4 Rdf8 21. Rh3 c5
22. Nb5 Rd8 23. Nd6+ Rxd6 24. exd6 Qxd6 25. Rh1 c4 26. Qd2 b5
27. Nc3 b4 28. axb4 Qxb4 29. Re1 Nc7 30. Kc1 Kd7 31. Re5 Rxe5
32. dxe5 Qc5 33. Ne4 Qb6 34. Nf6+ gxf6 35. g7 Nxg7 36. Rxg7+
Ke8 37. exf6 e5 38. f7+ Kf8 39. Qg2 Qe3+ 40. Kd1 Qd4+ 41. Kc1
Qe3+ 42. Kd1 Qd4+ 43. Kc1 Qe3+ 44. Kb1 Qe1+ 45. Ka2 Qa5+
1/2-1/2

[Event "World Blitz Championship (Women)"]
[Site "Riyadh KSA"]
[Date "2017.12.29"]
[EventDate "2017.12.29"]
[Round "9.9"]
[Result "0-1"]
[White "Marie Sebag"]
[Black "Daria Charochkina"]
[WhiteElo "2492"]
[BlackElo "2317"]
[PlyCount "62"]

1. e4 c6 2. d4 d5 3. e5 Bf5 4. Nf3 e6 5. Be2 Nd7 6. O-O Bb4
7. c3 Ba5 8. Nbd2 h6 9. Ne1 Ne7 10. Bd3 O-O 11. f4 Bb6 12. g4
Bxd3 13. Nxd3 c5 14. dxc5 Nxc5 15. Nxc5 Bxc5+ 16. Kg2 f6
17. Nb3 Bb6 18. exf6 Rxf6 19. Qe2 Qd6 20. Bd2 Raf8 21. Rae1
Ng6 22. h3 Nxf4+ 23. Bxf4 Rxf4 24. Rxf4 Qxf4 25. Qxe6+ Kh8
26. Qe2 Bc7 27. Kh1 Qg3 28. Nd4 Qxh3+ 29. Kg1 Qg3+ 30. Kh1 Rf2
31. Qe8+ Kh7 0-1

[Event "World Blitz Championship (Women)"]
[Site "Riyadh KSA"]
[Date "2017.12.29"]
[EventDate "2017.12.29"]
[Round "10.14"]
[Result "0-1"]
[White "Lilit Mkrtchian"]
[Black "Marie Sebag"]
[WhiteElo "2376"]
[BlackElo "2492"]
[PlyCount "80"]

1. Nf3 d5 2. e3 Nf6 3. c4 c6 4. Nc3 e6 5. b3 Bd6 6. Bb2 O-O
7. Be2 Nbd7 8. Qc2 e5 9. cxd5 Nxd5 10. Ne4 Bc7 11. Neg5 N5f6
12. Ba3 c5 13. Bb2 h6 14. h4 b6 15. Bc4 Qe7 16. Ne4 Bb7
17. Bd3 Rfe8 18. O-O-O Nxe4 19. Bxe4 Bxe4 20. Qxe4 Nf6 21. Qf5
Qe6 22. Qxe6 Rxe6 23. d3 Nd5 24. e4 Nb4 25. a3 Nc6 26. Ne1 Rd8
27. Nc2 Red6 28. Rh3 f6 29. Re3 b5 30. Rd2 Ba5 31. Rd1 Bb6
32. Rg3 c4 33. bxc4 bxc4 34. Ne1 Bxf2 35. Rf3 Bxe1 36. Rxe1
cxd3 37. Kd2 Na5 38. Bc3 Nc4+ 39. Kd1 Rb8 40. Bb4 a5 0-1

[Event "World Blitz Championship (Women)"]
[Site "Riyadh KSA"]
[Date "2017.12.29"]
[EventDate "2017.12.29"]
[Round "11.11"]
[Result "0-1"]
[White "Marie Sebag"]
[Black "Huang Qian"]
[WhiteElo "2492"]
[BlackElo "2438"]
[PlyCount "130"]

1. e4 d5 2. exd5 Qxd5 3. Nc3 Qd8 4. d4 g6 5. Nf3 Bg7 6. h3 Nf6
7. Bc4 O-O 8. O-O Nc6 9. Re1 b6 10. Bg5 Bb7 11. Qd2 e6
12. Rad1 Ne7 13. Ne5 Nf5 14. Ng4 h5 15. Nxf6+ Bxf6 16. Bxf6
Qxf6 17. Qf4 Kg7 18. Qxc7 Bxg2 19. Kxg2 Rac8 20. Qe5 Rxc4
21. Qxf6+ Kxf6 22. d5 exd5 23. Nxd5+ Kg7 24. c3 Rd8 25. Ne3
Nxe3+ 26. fxe3 Rcc8 27. Rd4 Kf8 28. Kf3 Re8 29. Rd7 Re7
30. Red1 Ke8 31. R7d5 Re6 32. Rd7 Re7 33. R7d5 f6 34. R1d3 Rc4
35. Rd8+ Kf7 36. R3d4 Rc5 37. e4 Rce5 38. R8d7 Re6 39. c4 Rc6
40. b3 Rc5 41. R7d5 Rcc7 42. Rd6 Rc5 43. b4 Rcc7 44. R6d5 Rc6
45. c5 bxc5 46. bxc5 Rec7 47. Rd7+ Rxd7 48. Rxd7+ Ke6 49. Rxa7
Rxc5 50. h4 g5 51. hxg5 fxg5 52. a4 Rc3+ 53. Kg2 Ke5 54. Rg7
Kf4 55. a5 Ra3 56. Ra7 Kxe4 57. a6 Kf4 58. Rh7 Kg4 59. a7 Ra2+
60. Kf1 h4 61. Ke1 Kg3 62. Kd1 g4 63. Kc1 h3 64. Kb1 Ra6
65. Kb2 Kg2 0-1

[Event "World Blitz Championship (Women)"]
[Site "Riyadh KSA"]
[Date "2017.12.30"]
[EventDate "2017.12.29"]
[Round "12.18"]
[Result "1-0"]
[White "Padmini Rout"]
[Black "Marie Sebag"]
[WhiteElo "2324"]
[BlackElo "2492"]
[PlyCount "125"]

1. e4 c5 2. Nf3 d6 3. c3 Nf6 4. Be2 Nbd7 5. d3 g6 6. O-O b6
7. Re1 Bb7 8. Nbd2 Bg7 9. Bf1 O-O 10. d4 e5 11. dxe5 dxe5
12. a4 Qc7 13. Bc4 Nh5 14. g3 h6 15. Nh4 Kh7 16. Nf5 Ndf6
17. Nxg7 Kxg7 18. Qf3 Rad8 19. Nf1 Rfe8 20. h4 a6 21. Nh2 Bc8
22. Qe3 Rh8 23. Qe2 a5 24. Kg2 Rde8 25. Nf1 Be6 26. Bxe6 Rxe6
27. Qc4 Qc6 28. f3 Rd8 29. Ne3 Red6 30. Re2 R6d7 31. b3 Rd6
32. Raa2 R6d7 33. Rad2 Rxd2 34. Rxd2 Rxd2+ 35. Bxd2 Qd7
36. Be1 Ne8 37. Nd5 Qd6 38. Qb5 Nef6 39. Qxb6 Qd7 40. Qxc5 Qb7
41. Qb5 Qc8 42. c4 Nxe4 43. fxe4 Qg4 44. c5 Qxe4+ 45. Kf2 Qxd5
46. c6 Qd4+ 47. Ke2 Nxg3+ 48. Bxg3 Qe4+ 49. Kf2 Qc2+ 50. Kg1
Qd1+ 51. Kg2 Qc2+ 52. Bf2 Qe4+ 53. Kg1 Qg4+ 54. Kf1 Qd1+
55. Kg2 Qg4+ 56. Bg3 Qe4+ 57. Kh2 Qc2+ 58. Kg1 Qd1+ 59. Qf1
Qd4+ 60. Qf2 Qd1+ 61. Kh2 Qc1 62. Bxe5+ Kg8 63. c7 1-0

[Event "World Blitz Championship (Women)"]
[Site "Riyadh KSA"]
[Date "2017.12.30"]
[EventDate "2017.12.29"]
[Round "13.25"]
[Result "1-0"]
[White "Marie Sebag"]
[Black "Anastasia Savina"]
[WhiteElo "2492"]
[BlackElo "2350"]
[PlyCount "71"]

1. e4 e5 2. Nf3 Nc6 3. Bb5 a6 4. Ba4 Nf6 5. d3 b5 6. Bb3 Bc5
7. O-O O-O 8. Nc3 h6 9. Be3 Bxe3 10. fxe3 d6 11. a4 b4 12. Nd5
Rb8 13. Qe1 Nxd5 14. Bxd5 Ne7 15. Bb3 Be6 16. Nh4 Bxb3
17. cxb3 d5 18. Qg3 dxe4 19. dxe4 f6 20. Rfd1 Qc8 21. Rac1 Qb7
22. Rd7 Rf7 23. Qg4 Qb6 24. Qg3 c5 25. Rcd1 Qe6 26. R1d3 Re8
27. h3 c4 28. bxc4 Qxc4 29. b3 Qxe4 30. R3d6 Qb1+ 31. Kh2 Qxb3
32. Rxa6 Qc4 33. Raa7 Qc5 34. Ng6 b3 35. Rab7 Nf5 36. Rxf7 1-0

[Event "World Blitz Championship (Women)"]
[Site "Riyadh KSA"]
[Date "2017.12.30"]
[EventDate "2017.12.29"]
[Round "14.17"]
[Result "0-1"]
[White "Marie Sebag"]
[Black "Daria Voit"]
[WhiteElo "2492"]
[BlackElo "2390"]
[PlyCount "94"]

1. e4 c5 2. Nf3 d6 3. Bb5+ Nd7 4. O-O a6 5. Bd3 Ngf6 6. c3 Qc7
7. Bc2 c4 8. d4 cxd3 9. Bxd3 Nc5 10. Re1 Nxd3 11. Qxd3 e6
12. c4 Be7 13. Nc3 O-O 14. b3 b6 15. Bb2 Bb7 16. Rad1 Rfd8
17. Nd4 Rac8 18. h3 Bf8 19. Qg3 d5 20. Qxc7 Rxc7 21. cxd5 exd5
22. e5 Ne4 23. Nxe4 dxe4 24. Nf5 Rcd7 25. Rxd7 Rxd7 26. Re2
Rd1+ 27. Kh2 Bc5 28. a3 a5 29. Ng3 Rd3 30. Nxe4 Bxe4 31. Rxe4
Rxb3 32. Bd4 Bxa3 33. e6 fxe6 34. Rxe6 b5 35. Ra6 a4 36. Ra8+
Kf7 37. Ra7+ Ke6 38. Bxg7 Bc5 39. Ra6+ Kf7 40. Be5 Bxf2 41. g4
Bc5 42. h4 Re3 43. Bf4 Re4 44. Kg3 a3 45. g5 Ra4 46. Rc6 a2
47. Be5 Bd4 0-1

[Event "World Blitz Championship (Women)"]
[Site "Riyadh KSA"]
[Date "2017.12.30"]
[EventDate "2017.12.29"]
[Round "15.23"]
[Result "0-1"]
[White "Qi Guo"]
[Black "Marie Sebag"]
[WhiteElo "2396"]
[BlackElo "2492"]
[PlyCount "126"]

1. d4 d5 2. c4 c6 3. Nf3 Nf6 4. Nc3 e6 5. Bg5 h6 6. Bxf6 Qxf6
7. e3 Nd7 8. Rc1 g6 9. Bd3 Bg7 10. e4 dxc4 11. e5 Qe7 12. Bxc4
O-O 13. O-O b6 14. Bd3 Bb7 15. Be4 Rab8 16. Qe2 Rfd8 17. Rfd1
b5 18. a4 b4 19. Nb1 a5 20. Bxc6 Nb6 21. b3 Nd5 22. Bxd5 Bxd5
23. Nbd2 g5 24. h3 h5 25. Nc4 Bh6 26. Rb1 Kg7 27. Nh2 g4
28. hxg4 hxg4 29. Nxg4 Qg5 30. Nce3 Rh8 31. Nxd5 exd5 32. Qf3
Rb6 33. Nf6 Qh4 34. Qg4+ Qxg4 35. Nxg4 Rg6 36. f3 Bf4 37. Kf2
Rc8 38. Rb2 Rc3 39. g3 Bc1 40. Rb1 Bg5 41. Rb2 Rgc6 42. Re1
Bc1 43. Rb1 Rc2+ 44. Re2 Bd2 45. Nf6 Bc3 46. Rd1 Rxe2+
47. Kxe2 Bb2 48. Nxd5 Rh6 49. Kd3 Rh2 50. Kc4 Rc2+ 51. Kb5 Rf2
52. f4 Rf3 53. Kxa5 Rxb3 54. g4 Ba3 55. f5 Rb2 56. Rc1 b3
57. Rc7 Rc2 58. Rb7 b2 59. e6 Rc1 60. Rxf7+ Kh6 61. Nf6 b1=Q
62. Ng8+ Kg5 63. Rg7+ Kf4 0-1